Countries with Z - Statistics

General Stats
  • This quiz has been taken 58 times
  • The average score is 13 of 16
Answer Stats
Continent Country % Correct
Africa Zambia
100%
Africa Zimbabwe
96%
Oceania New Zealand
87%
South America Venezuela
87%
Asia Kazakhstan
85%
South America Brazil
83%
Asia Uzbekistan
81%
Asia Azerbaijan
79%
Europe Czech Republic
77%
North America Belize
75%
Africa Mozambique
75%
Europe Switzerland
75%
Asia Kyrgyzstan
74%
Africa Tanzania
72%
Africa Swaziland
64%
Europe Bosnia-Herzegovina
58%
No matching quizzes found
Score Distribution
Percent of People with Each Score
Percentile by Number Answered
Your Score History
You have not taken this quiz